000
00216nam a22000857a 4500
008
170621b xxu||||| |||| 00| 0 eng d
100
_9
3604
_a
Nasrin
245
_a
Environmental Education
260
_a
New Delhi
_b
A. P. H
_c
2009
999
_c
6993
_d
6993